000 00581nam a2200205 i 4500
001 141816
003 ES-MaACL
005 20250521063433.0
007 t|
008 070928s1912 fr ||||1| fre d
100 1 _aWagner, Richard,
_d1813-1883
_9240522
245 1 0 _aMa vie /
_cRichard Wagner ; traduction de N. Valentin et A. Schenk.
250 _a7ยช ed.
260 _aParis :
_bPlon Nourrit,
_c1912.
300 _a3 v. ;
_c22 cm.
700 1 _aValentin, N.
_9112607
700 1 _aSchenk, A.
_9104299
852 _aES-MaACL
_jF-2804-6
999 _c141816
_d141816